000 00234nam a2200097Ia 4500
001 970029
005 20250826220502.0
008 250824s9999 xx 000 0 und d
245 0 _aYARALI
_cKAHRAMAN TAZEOĞLU
260 _bDESTEK YAYINLARI
999 _c970029
_d970029